000 00361nam a2200145Ia 4500
008 231217s9999 xx 000 0 und d
041 _aEnglish
082 _a001.6424JAV BAR;1 R
100 _aBarker, Jacquie
245 0 _aBeginning java objects
260 _c2000
_bShroff
_aMumbai
300 _axi+669
650 _aBeginning,java,objects
942 _cAA
999 _c175538
_d175538